Statistics for Countries That End in LAND

Click here to take the quiz!

General Stats

  • This quiz has been taken 57 times
  • The average score is 5 of 7

Answer Stats

Continent Answer % Correct
EuropeIceland
90%
EuropeFinland
82%
EuropeIreland
82%
AsiaThailand
76%
OceaniaNew Zealand
71%
EuropePoland
71%
EuropeSwitzerland
63%

Score Distribution

Percentile by Number Answered

Percent of People with Each Score

Your Score History

You have not taken this quiz